000 01221nam a22003497a 4500
001 51
003 FISKH
005 20231211151335.0
008 230217b cb ||||| |||| 00| 0 eng d
010 _a 2008013667
020 _a97805450505562
040 _aDLC
_cDLC
_dDLC
042 _alcac
050 0 0 _aPZ7.A15892
_bTe 2009
082 0 0 _a823.4
_222
100 1 _aAbdel-Fattah, Randa
245 1 0 _aTen things I hate about me /
_cRanda Abdel-Fattah.
250 _aFirst Scholastic paperback printing, May 2010
260 _aNew York :
_bScholastic,
_c2010
300 _a297 pages ;
_c21 cm
520 _aLebanese-Australian Jamilah, known in school as Jamie, hides her heritage from her classmates and tries to pass by dyeing her hair blonde and wearing blue-tinted contact lenses, until her conflicted feelings become too much for her to bear.
521 8 _a720
_bLexile
650 1 _aIdentity
_vFiction.
650 1 _aSelf-acceptance
_vFiction.
650 1 _aPrejudices
_vFiction.
650 1 _aHigh schools
_vFiction.
650 1 _aSchools
_vFiction.
650 1 _aLebanese
_zAustralia
_vFiction.
651 1 _aAustralia
_vFiction.
906 _a7
_bcbc
_corignew
_d1
_eecip
_f20
_gy-gencatlg
942 _2ddc
_cBK
_n0
999 _c51
_d51